000 00890nam a2200217 i 4500
001 166512
003 ES-MaACL
005 20250905162311.0
008 940301s1885 sp a |||| | spa d
040 _aAS
_bspa
100 1 _aTorres Campos, Rafael,
_d1853-1904
_9110935
245 1 3 _aLa iglesia de Santa María en Lebeña /
_cpor R. Torres Campos ; con dibujos de Juan B. Lázaro.
260 _aMadrid :
_b[s.n.],
_c1885 (
_fImprenta de Fortanet)
300 _a53 p., [2] h. de lám. pleg. ;
_c19 cm.
490 1 _aMonumentos de la provincia de Santander
650 4 _aIglesia de Santa María de Lebeña.
_9136255
700 1 _aLázaro, Juan Bautista,
_d1849-1919
_9129180
830 0 _aMonumentos de la provincia de Santander
_9222557
852 _aES-MaACL
_jT-414-F-1
_z-- Enc. hol., falto de la cub. original
_z-- Enc. en un vol. facticio
999 _c166512
_d166512